| 000 | 00353nam a2200133Ia 4500 | ||
|---|---|---|---|
| 999 |
_c10861 _d10861 |
||
| 008 | 191201s2009 xx 000 0 und d | ||
| 100 | _aSAXENA, Ambrish | ||
| 245 | 0 | _aFundamentals of Reporting and Editing | |
| 250 | _a1st | ||
| 260 |
_aNew Delhi _bKanishka Pub _c2019 |
||
| 300 | _a358 | ||
| 650 | _aBachelor of Mass Communication | ||
| 942 |
_2ddc _cBK |
||